<?xml version="1.0" encoding="UTF-8"?>
<record
    xmlns:xsi="http://www.w3.org/2001/XMLSchema-instance"
    xsi:schemaLocation="http://www.loc.gov/MARC21/slim http://www.loc.gov/standards/marcxml/schema/MARC21slim.xsd"
    xmlns="http://www.loc.gov/MARC21/slim">

  <leader>01265nam a2200373Ia 4500</leader>
  <controlfield tag="001">025434025435</controlfield>
  <controlfield tag="008">221003s2007    xx            000 0 spa d</controlfield>
  <datafield tag="020" ind1=" " ind2=" ">
    <subfield code="a">978-84-96515-45-1 (o.c.)</subfield>
  </datafield>
  <datafield tag="035" ind1=" " ind2=" ">
    <subfield code="a">CENDO_16800</subfield>
  </datafield>
  <datafield tag="041" ind1=" " ind2=" ">
    <subfield code="a">spa</subfield>
  </datafield>
  <datafield tag="084" ind1=" " ind2=" ">
    <subfield code="a">CD-08621/1CD-08621/2</subfield>
  </datafield>
  <datafield tag="100" ind1=" " ind2=" ">
    <subfield code="a">ALCAIDE GUINDO, Pablo</subfield>
    <subfield code="9">16853</subfield>
  </datafield>
  <datafield tag="245" ind1=" " ind2="0">
    <subfield code="a">Evoluci&#xF3;n de la poblaci&#xF3;n espa&#xF1;ola en el siglo XX, por provincias y comunidades aut&#xF3;nomas /</subfield>
    <subfield code="c">Pablo Alcaide Guindo, Pedro Alcaide Guindo, Paulino Garc&#xED;a Fern&#xE1;ndez ; dirigido por. Julio Alcaide Inchausti</subfield>
  </datafield>
  <datafield tag="260" ind1=" " ind2=" ">
    <subfield code="a">Bilbao :</subfield>
    <subfield code="b">Fundaci&#xF3;n BBVA,</subfield>
    <subfield code="c">2007</subfield>
  </datafield>
  <datafield tag="300" ind1=" " ind2=" ">
    <subfield code="a">2 v. (557 p.) : </subfield>
    <subfield code="b">il., gr&#xE1;f.  ;</subfield>
    <subfield code="c"> 24 cm + 1 Cd-Rom</subfield>
  </datafield>
  <datafield tag="650" ind1=" " ind2=" ">
    <subfield code="a">POBLACION</subfield>
    <subfield code="9">839</subfield>
  </datafield>
  <datafield tag="650" ind1=" " ind2=" ">
    <subfield code="a">DEMOGRAFIA</subfield>
    <subfield code="9">877</subfield>
  </datafield>
  <datafield tag="650" ind1=" " ind2=" ">
    <subfield code="a">POBLACION ACTIVA</subfield>
    <subfield code="9">1546</subfield>
  </datafield>
  <datafield tag="650" ind1=" " ind2=" ">
    <subfield code="a">MIGRACION</subfield>
    <subfield code="9">358</subfield>
  </datafield>
  <datafield tag="650" ind1=" " ind2=" ">
    <subfield code="a">METODOLOGIA</subfield>
    <subfield code="9">460</subfield>
  </datafield>
  <datafield tag="650" ind1=" " ind2=" ">
    <subfield code="a">HISTORIA</subfield>
    <subfield code="9">26</subfield>
  </datafield>
  <datafield tag="650" ind1=" " ind2=" ">
    <subfield code="a">CUADROS ESTADISTICOS</subfield>
    <subfield code="9">14</subfield>
  </datafield>
  <datafield tag="700" ind1=" " ind2=" ">
    <subfield code="a">ALCAIDE GUINDO, Pedro</subfield>
    <subfield code="9">16854</subfield>
  </datafield>
  <datafield tag="700" ind1=" " ind2=" ">
    <subfield code="a">GARCIA FERNANDEZ, Paulino</subfield>
    <subfield code="9">16855</subfield>
  </datafield>
  <datafield tag="700" ind1=" " ind2=" ">
    <subfield code="a">ALCAIDE INCHAUSTI, Julio,</subfield>
    <subfield code="e">dir.</subfield>
    <subfield code="9">5881</subfield>
  </datafield>
  <datafield tag="710" ind1=" " ind2=" ">
    <subfield code="a">FUNDACION BBVA</subfield>
    <subfield code="c">Bilbao,</subfield>
    <subfield code="e">ed.</subfield>
    <subfield code="9">6642</subfield>
  </datafield>
  <datafield tag="901" ind1=" " ind2=" ">
    <subfield code="a">1</subfield>
  </datafield>
  <datafield tag="903" ind1=" " ind2=" ">
    <subfield code="a">NO</subfield>
  </datafield>
  <datafield tag="904" ind1=" " ind2=" ">
    <subfield code="a">000</subfield>
  </datafield>
  <datafield tag="953" ind1=" " ind2=" ">
    <subfield code="d">2008-03-06</subfield>
    <subfield code="y">MONOGRAFIA</subfield>
    <subfield code="o">CD-08621/1CD-08621/2</subfield>
  </datafield>
  <datafield tag="999" ind1=" " ind2=" ">
    <subfield code="c">16799</subfield>
    <subfield code="d">16799</subfield>
  </datafield>
  <datafield tag="910" ind1=" " ind2=" ">
    <subfield code="a">2007</subfield>
  </datafield>
  <datafield tag="942" ind1=" " ind2=" ">
    <subfield code="c">MONOGRAFIA</subfield>
  </datafield>
  <datafield tag="952" ind1=" " ind2=" ">
    <subfield code="0">0</subfield>
    <subfield code="1">0</subfield>
    <subfield code="4">0</subfield>
    <subfield code="7">0</subfield>
    <subfield code="a">CENDO</subfield>
    <subfield code="b">CENDO</subfield>
    <subfield code="d">2008-03-06</subfield>
    <subfield code="i">25434</subfield>
    <subfield code="l">0</subfield>
    <subfield code="o">CD-08621/1</subfield>
    <subfield code="p">CENDO_56740</subfield>
    <subfield code="r">2023-02-27 00:00:00</subfield>
    <subfield code="w">2023-02-27</subfield>
    <subfield code="y">MONOGRAFIA</subfield>
  </datafield>
  <datafield tag="952" ind1=" " ind2=" ">
    <subfield code="0">0</subfield>
    <subfield code="1">0</subfield>
    <subfield code="4">0</subfield>
    <subfield code="7">0</subfield>
    <subfield code="a">CENDO</subfield>
    <subfield code="b">CENDO</subfield>
    <subfield code="d">2008-03-06</subfield>
    <subfield code="i">25435</subfield>
    <subfield code="l">0</subfield>
    <subfield code="o">CD-08621/2</subfield>
    <subfield code="p">CENDO_56741</subfield>
    <subfield code="r">2023-02-27 00:00:00</subfield>
    <subfield code="w">2023-02-27</subfield>
    <subfield code="y">MONOGRAFIA</subfield>
  </datafield>
</record>
